|
|
|
|
| LEADER |
01838nam a2200409 a 4500 |
| 001 |
000606410 |
| 003 |
CZ BrMZK |
| 005 |
20091218140834.0 |
| 007 |
ta |
| 008 |
020614s2002 xr f m cze d |
| 015 |
|
|
|a cnb001139449
|
| 020 |
|
|
|a 80-248-0082-9
|
| 035 |
|
|
|a (OCoLC)51184776
|
| 040 |
|
|
|a BOA001
|b cze
|
| 072 |
|
7 |
|a 621
|x Strojírenství
|2 Konspekt
|9 19
|
| 080 |
|
|
|a 622.23.05
|2 MRF
|
| 080 |
|
|
|a 62-7
|2 MRF
|
| 080 |
|
|
|a 62:681.518.5
|2 MRF
|
| 080 |
|
|
|a (043.5)
|2 MRF
|
| 080 |
|
|
|a (048.3)
|2 MRF
|
| 100 |
1 |
|
|a Helebrant, František,
|d 1948-
|7 jx20031216001
|4 aut
|
| 245 |
1 |
0 |
|a Komentář vlastních publikací k užití metod technické bezdemontážní diagnostiky na rotujících strojních systémech technologických celků hnědouhelných povrchových dolů a k jejich údržbě :
|b teze habilitační práce ke jmenováním docentem v oboru "Konstrukční a procesní inženýrství" /
|c František Helebrant
|
| 250 |
|
|
|a 1. vyd.
|
| 260 |
|
|
|a Ostrava :
|b VŠB-Technická univerzita,
|c 2002
|
| 300 |
|
|
|a 34 s. ;
|c 25 cm
|
| 490 |
1 |
|
|a Vědecké spisy Fakulty strojní. Habilitační a inaugurační spisy ;
|v sv. 5
|
| 504 |
|
|
|a Obsahuje bibliografii
|
| 650 |
0 |
7 |
|a opravy a údržba strojů
|7 ph136637
|2 czenas
|
| 650 |
0 |
7 |
|a technická diagnostika
|7 ph126457
|2 czenas
|
| 650 |
0 |
7 |
|a důlní stroje
|7 ph138244
|2 czenas
|
| 655 |
|
7 |
|a habilitační práce
|7 fd185153
|2 czenas
|
| 655 |
|
7 |
|a teze
|7 fd133701
|2 czenas
|
| 710 |
2 |
|
|a Vysoká škola báňská - Technická univerzita Ostrava.
|b Strojní fakulta
|7 kn20010709395
|
| 810 |
2 |
|
|a Vysoká škola báňská - Technická univerzita Ostrava.
|b Strojní fakulta.
|t Vědecké spisy.
|p Habilitační a inaugurační spisy
|0 s
|
| 910 |
|
|
|a BOA001
|b 3-1104.285
|
| 990 |
|
|
|a BK
|
| 996 |
6 |
|
|b 2610162953
|c 3-1104.285
|l MZK
|r Sklad / do 1 hodiny
|n 2
|p p.v.
|w 000606410
|u 000010
|a 1
|e BOA001
|j MZK50
|s P
|